| LEADER |
00823nam0a2200229 450 |
| 001 |
16831950 |
| 010 |
|
|
|a 978-2-8001-7424-2
|b rel.
|d 9,9
|
| 100 |
|
|
|a 20190114d2019 u u0frey01 ba
|
| 101 |
0 |
|
|a fre
|
| 102 |
|
|
|a BE
|
| 200 |
0 |
|
|a mages et des rois (Des)
|f scénario, Kid Toussaint
|g dessin, Jhérémy Raapack, Kenny Ruiz - couleurs, Andrew Elder, Noiry
|
| 207 |
|
1 |
|a
|
| 210 |
|
|
|a Paris
|b 8 rue Bellini.
|c J. Dupuis-Paris
|d 2019
|
| 215 |
|
|
|a 1 vol. (63 p.)
|c ill. en coul.
|d 30 cm
|
| 225 |
1 |
|
|v 7
|
| 461 |
|
0 |
|t Magic 7
|v 7
|
| 700 |
|
0 |
|a Toussaint
|b Kid
|f 1980-....
|4 70
|
| 702 |
|
0 |
|a Raapack
|b Jheremy
|f 1981-....
|4 440
|
| 702 |
|
0 |
|a Ruiz
|b Kenny
|f 1980-....
|4 440
|
| 900 |
|
|
|a Bande Dessinée enfant ado
|
| 901 |
|
|
|a Accessible au prêt
|
| 995 |
|
|
|a Bibliothèque
|c Bibliothèque
|f 024019925
|h 024019925
|k BD TOU
|o p
|q j
|r az
|e Bibliothèque
|